Yankee nomad : a photographic odyssey /

Bibliographic Details
Main Author: Duncan, David Douglas
Format: Book
Language:English
Published: New York : Holt, Rinehart and Winston, 1967.
Edition:2d ed.
Subjects:

MARC

Tag First Indicator Second Indicator Subfields
LEADER 00000cam a2200000 i 4500
001 in00000014888
005 20151007052920.0
008 790925s1967 nyuac 00010 eng d
010 |a  66010627  
035 |a (OCoLC)05423890 
035 |9 AAA9689AM 
040 |a COA  |c COA  |d m.c.  |d TXA  |d UtOrBLW 
049 |a TXAM  |c [A11049789] 
050 4 |a G138  |b .D8 1967 
100 1 |a Duncan, David Douglas. 
245 1 0 |a Yankee nomad :  |b a photographic odyssey /  |c by David Douglas Duncan. 
250 |a 2d ed. 
264 1 |a New York :  |b Holt, Rinehart and Winston,  |c 1967. 
300 |a 479 pages :  |b illustrations (some color) portraits (some color) ;  |c 29 cm. 
336 |a text  |b txt  |2 rdacontent 
337 |a unmediated  |b n  |2 rdamedia 
338 |a volume  |b nc  |2 rdacarrier 
650 0 |a Geography  |v Pictorial works. 
999 |a MARS 
999 f f |s bf68a958-f632-3941-bbee-de3a9d336057  |i bb130fcb-6b1c-3171-aba0-cd9599ffb5ac  |t 0 
952 f f |p ric  |a Texas A&M University  |b Rellis Campus  |c Joint Library Facility  |d Remote Storage  |t 0  |e G138 .D8 1967  |h Library of Congress classification  |i unmediated -- volume  |m A14811049789 
998 f f |a G138 .D8 1967  |t 0  |l Remote Storage